000 00723nam a2200241Ia 4500
003 OSt
005 20221006163822.0
006 a|||||r|||| 00| 0
007 ta
008 221006b |||||||| |||| 00| 0 hin d
024 _a7,441
037 _cDissertations
040 _aFML
_cFML
_bhin
041 _2hin
_ahin
100 _aBharadwaj Anjali Au.
_9675890
110 _aDelhi University. Faculty of Music and Fine Arts. Department of Music
_9675891
245 0 _aGayan Ke Gun - Avagun
260 _c1999
300 _aVarious Page
_ccm.
700 _aDelhi University. Faculty of Music and Fine Arts. Department of Music
_9675892
942 _cDIS
_2CC
999 _c1115383
_d1115383